| 000 | 01482nam a2200373 a 4500 | ||
|---|---|---|---|
| 001 | ebr10282597 | ||
| 003 | CaPaEBR | ||
| 006 | m u | ||
| 007 | cr cn||||||||| | ||
| 008 | 070813s2008 msuab sb s001 0deng | ||
| 010 | _z 2007033564 | ||
| 015 |
_aGBA820252 _2bnb |
||
| 016 | 7 |
_z014525027 _2Uk |
|
| 020 | _z9781578068982 (alk. paper) | ||
| 020 | _z1578068983 (alk. paper) | ||
| 040 |
_aCaPaEBR _cCaPaEBR |
||
| 035 | _a(OCoLC)317401549 | ||
| 043 | _an-us-la | ||
| 050 | 1 | 4 |
_aML3508.8.N48 _bC44 2008eb |
| 082 | 0 | 4 |
_a781.6509763/35 _222 |
| 100 | 1 | _aCharters, Samuel Barclay. | |
| 245 | 1 | 2 |
_aA trumpet around the corner _h[electronic resource] : _bthe story of New Orleans jazz / _cSamuel Charters. |
| 260 |
_aJackson : _bUniversity Press of Mississippi, _cc2008. |
||
| 300 |
_axii, 380 p. : _bill., maps. |
||
| 490 | 1 | _aAmerican made music series | |
| 504 | _aIncludes bibliographical references (p. 370-371) and index. | ||
| 533 |
_aElectronic reproduction. _bPalo Alto, Calif. : _cebrary, _d2013. _nAvailable via World Wide Web. _nAccess may be limited to ebrary affiliated libraries. |
||
| 650 | 0 |
_aJazz _zLouisiana _zNew Orleans _xHistory and criticism. |
|
| 650 | 0 |
_aJazz musicians _zLouisiana _zNew Orleans. |
|
| 655 | 7 |
_aElectronic books. _2local |
|
| 710 | 2 | _aebrary, Inc. | |
| 830 | 0 | _aAmerican made music series. | |
| 856 | 4 | 0 |
_uhttp://site.ebrary.com/lib/rucke/Doc?id=10282597 _zAn electronic book accessible through the World Wide Web; click to view |
| 999 |
_c18481 _d18481 |
||